5HLuxD.jpg

KING HENRY VIII SENIOR AND PRIMARY SCHOOL LIBRARY OPAC

The land of silly school (Record no. 5802)

000 -LEADER
fixed length control field 00756nam a22002417a 4500
003 - CONTROL NUMBER IDENTIFIER
control field OSt
005 - DATE AND TIME OF LATEST TRANSACTION
control field 20251113082510.0
008 - FIXED-LENGTH DATA ELEMENTS--GENERAL INFORMATION
fixed length control field 251113b ||||| |||| 00| 0 eng d
020 ## - INTERNATIONAL STANDARD BOOK NUMBER
Canceled/invalid ISBN 9781444959871
040 ## - CATALOGING SOURCE
Transcribing agency KH8
082 04 - DEWEY DECIMAL CLASSIFICATION NUMBER
Classification number 823.912 BLY
100 1# - MAIN ENTRY--PERSONAL NAME
Personal name Blyton, Enid
Relator term author
245 14 - TITLE STATEMENT
Title The land of silly school
Statement of responsibility, etc. Enid Blyton
250 ## - EDITION STATEMENT
Edition statement New edition
264 #1 - PRODUCTION, PUBLICATION, DISTRIBUTION, MANUFACTURE, AND COPYRIGHT NOTICE
Place of production, publication, distribution, manufacture 50 Victoria Embankment London EC4Y 0DZ
Name of producer, publisher, distributor, manufacturer Hodder Children's Books
Date of production, publication, distribution, manufacture, or copyright notice 2021
300 ## - PHYSICAL DESCRIPTION
Extent 74 pages
Other physical details Colour illustrations
500 ## - GENERAL NOTE
General note This edition originally published: London: Egmont, 2017.
650 #7 - SUBJECT ADDED ENTRY--TOPICAL TERM
Topical term or geographic name entry element Juvenile Fiction
Source of heading or term Adventure
650 #7 - SUBJECT ADDED ENTRY--TOPICAL TERM
Topical term or geographic name entry element Juvenile Fiction
Source of heading or term Fantasy and Magic
655 #0 - INDEX TERM--GENRE/FORM
Genre/form data or focus term Children's stories
700 1# - ADDED ENTRY--PERSONAL NAME
Personal name Paterson, Alex
Relator term illustrator
942 ## - ADDED ENTRY ELEMENTS (KOHA)
Source of classification or shelving scheme
Koha item type Books - Fiction
Holdings
Withdrawn status Lost status Source of classification or shelving scheme Damaged status Not for loan Collection code Permanent Location Current Location Shelving location Date acquired Total Checkouts Full call number Barcode Date due Date last seen Date last checked out Price effective from Koha item type Public note
          Fiction KH8 Primary School Library KH8 Primary School Library Fiction 2025-11-13 2 823.912 BLY KHPL000007298 2026-04-24 2026-04-16 2026-04-16 2025-11-13 Books - Fiction PRIMARY LIBRARY

Powered By KH8 IT Dept